<?xml version="1.0" encoding="UTF-8"?><?xml-stylesheet type="text/xsl" href="static/style.xsl"?><OAI-PMH xmlns="http://www.openarchives.org/OAI/2.0/" xmlns:xsi="http://www.w3.org/2001/XMLSchema-instance" xsi:schemaLocation="http://www.openarchives.org/OAI/2.0/ http://www.openarchives.org/OAI/2.0/OAI-PMH.xsd"><responseDate>2026-04-17T17:02:17Z</responseDate><request verb="GetRecord" identifier="oai:www.recercat.cat:10230/71205" metadataPrefix="marc">https://recercat.cat/oai/request</request><GetRecord><record><header><identifier>oai:recercat.cat:10230/71205</identifier><datestamp>2025-09-17T14:27:00Z</datestamp><setSpec>com_2072_6</setSpec><setSpec>col_2072_452952</setSpec></header><metadata><record xmlns="http://www.loc.gov/MARC21/slim" xmlns:dcterms="http://purl.org/dc/terms/" xmlns:xsi="http://www.w3.org/2001/XMLSchema-instance" xmlns:doc="http://www.lyncode.com/xoai" xsi:schemaLocation="http://www.loc.gov/MARC21/slim http://www.loc.gov/standards/marcxml/schema/MARC21slim.xsd">
   <leader>00925njm 22002777a 4500</leader>
   <datafield ind2=" " ind1=" " tag="042">
      <subfield code="a">dc</subfield>
   </datafield>
   <datafield ind2=" " ind1=" " tag="720">
      <subfield code="a">Gallego-Landin, Ines</subfield>
      <subfield code="e">author</subfield>
   </datafield>
   <datafield ind2=" " ind1=" " tag="720">
      <subfield code="a">Berbegal-Sáez, Paula</subfield>
      <subfield code="e">author</subfield>
   </datafield>
   <datafield ind2=" " ind1=" " tag="720">
      <subfield code="a">Valverde Granados, Olga</subfield>
      <subfield code="e">author</subfield>
   </datafield>
   <datafield ind2=" " ind1=" " tag="260">
      <subfield code="c">2025-09-16T14:13:39Z</subfield>
   </datafield>
   <datafield ind2=" " ind1=" " tag="260">
      <subfield code="c">2025-09-16T14:13:39Z</subfield>
   </datafield>
   <datafield ind2=" " ind1=" " tag="260">
      <subfield code="c">2025</subfield>
   </datafield>
   <datafield ind2=" " ind1=" " tag="520">
      <subfield code="a">Chronodisruption, the misalignment of internal biological systems with external environmental changes, negatively impacts health and cognition. A prevalent form, social jet lag, affects a large portion of adolescents and is associated with reduced academic performance, and impaired emotional regulation. Despite its prevalence, the mechanism by which adolescent chronodisruption results in cognitive deficits remains unexplored. Here, we induced chronic chronodisruption in adolescent mice through light/dark cycle manipulation. We performed a battery of established behavioral tests alongside an analysis of daily rhythms of expression of genes involved in relevant physiological functions. We report that adolescent circadian disruption induces impairments in short-term, social, and spatial memory without prompting anxiety-like behavior. Gene expression analyses revealed altered oscillation patterns of circadian clock genes in the hypothalamus and hippocampus. Furthermore, we identified alterations in daily patterns of genes involved in glucocorticoid and endocannabinoid transmissions as well as synaptic plasticity. This work emphasizes the importance of circadian homeostasis for cognitive function and hippocampal homeostasis. Thus, understanding the mechanism underlying adolescent chronodisruption is essential to better understand its long-term implications for cognitive function and overall health.</subfield>
   </datafield>
   <datafield ind2=" " ind1=" " tag="520">
      <subfield code="a">This work was supported by the Ministerio de Ciencia e Innovación, “PID2022-136962OB-100 - MCIN/AEI/10.13039/501100011033 and by ERDF A way of making Europe”, Ministerio de Sanidad (Delegación del Gobierno para el Plan Nacional sobre Drogas #2023/005 and #Exp2022/008695 Fondos de Recuperación, Transformación y Resiliencia (PRTR) Unión Europea, and by the Generalitat de Catalunya, AGAUR (#2021SGR00485). IGL received a grant from the Ministerio de Ciencia e Innovación (#PRE2020-091923). PBS received a FI-AGAUR grant from the Generalitat de Catalunya (#2021FI-B00205) and was supported by a contract from PID2022-136962OB-100. OV is recipient of an ICREA Academia Award (Institució Catalana de Recerca i Estudis Avançats, Generalitat de Catalunya).</subfield>
   </datafield>
   <datafield ind1="8" ind2=" " tag="024">
      <subfield code="a">http://hdl.handle.net/10230/71205</subfield>
   </datafield>
   <datafield tag="653" ind2=" " ind1=" ">
      <subfield code="a">Adolescence</subfield>
   </datafield>
   <datafield tag="653" ind2=" " ind1=" ">
      <subfield code="a">Behavior</subfield>
   </datafield>
   <datafield tag="653" ind2=" " ind1=" ">
      <subfield code="a">Chronodisruption</subfield>
   </datafield>
   <datafield tag="653" ind2=" " ind1=" ">
      <subfield code="a">Endocannabinoids</subfield>
   </datafield>
   <datafield tag="653" ind2=" " ind1=" ">
      <subfield code="a">Gene expression</subfield>
   </datafield>
   <datafield tag="653" ind2=" " ind1=" ">
      <subfield code="a">Memory impairments</subfield>
   </datafield>
   <datafield tag="653" ind2=" " ind1=" ">
      <subfield code="a">Social jet lag</subfield>
   </datafield>
   <datafield ind2="0" ind1="0" tag="245">
      <subfield code="a">Chronic circadian disruption in adolescent mice impairs hippocampal memory disrupting gene expression oscillations</subfield>
   </datafield>
</record></metadata></record></GetRecord></OAI-PMH>